000
00288nam a22000977a 4500
005
20250901165539.0
008
210608b |||||||| |||| 00| 0 eng d
050
_a
BF121 .Z56 2004
245
_a
Psychology
_b
Core concepts
_c
Zimbardo, Philip G.
942
_2
lcc
_h
BF121 .Z56 2004
999
_c
5662
_d
5662